Littérature - Lauréats du "Prix Femina". - Statistiques

Statistiques générales
  • Ce quiz a été pris 10 fois
  • Le résultat moyen est 10 sur 121
Statistiques - réponses
HINT HINT ANSWER % Correct
1931 Vol de nuit Antoine de Saint-Exupéry
100%
1968 L'Œuvre au noir Marguerite Yourcenar
86%
1919 Les Croix de bois Roland Dorgelès
57%
1905 Jean-Christophe Romain Rolland
57%
1988 Le Zèbre Alexandre Jardin
43%
1995 La Classe de neige Emmanuel Carrère
43%
2023 Triste tigre Neige Sinno
43%
2002 Les Adieux à la reine Chantal Thomas
29%
2021 S'adapter Clara Dupont-Monod
29%
1961 Le Promontoire Henri Thomas
29%
1922 Silbermann Jacques de Lacretelle
29%
2004 Une vie française Jean-Paul Dubois
29%
1944 pour leur œuvre durant la guerre Les Éditions de Minuit
29%
1914 | 1915 | 1916 | +4 others Prix non décerné Prix non décerné
29%
2022 Un chien à ma table Claudie Hunzinger
14%
1947 Bonheur d'occasion Gabrielle Roy
14%
1929 La Joie Georges Bernanos
14%
1985 Sans la miséricorde du Christ Hector Bianciotti
14%
2008 Où on va, papa ? Jean-Louis Fournier
14%
1969 La Deuxième Mort de Ramón Mercader Jorge Semprún
14%
1927 Grand-Louis l'innocent Marie Le Franc
14%
2001 Rosie Carpe Marie NDiaye
14%
2024 Le Rêve du jaguar Miguel Bonnefoy
14%
1904 La Conquête de Jérusalem Myriam Harry
14%
2018 Le Lambeau Philippe Lançon
14%
2020 Nature humaine Serge Joncour
14%
2011 Jayne Mansfield 1967 Simon Liberati
14%
1987 L'Égal de Dieu Alain Absire
0%
1906 Gemmes et Moires André Corthis
0%
1955 Le Pays où l'on n'arrive jamais André Dhôtel
0%
1971 La Maison des Atlantes Angelo Rinaldi
0%
1951 Jabadao Anne de Tourville
0%
1982 Les Fous de Bassan Anne Hébert
0%
1992 Aden Anne-Marie Garat
0%
1945 Le Chemin du soleil Anne-Marie Monnet
0%
1959 Au pied du mur Bernard Privat
0%
1984 Tous les soleils Bertrand Visage
0%
2000 Dans ces bras-là Camille Laurens
0%
1913 La Statue voilée Camille Marbo
0%
1981 Le Grand Vizir de la nuit Catherine Hermary-Vieille
0%
1924 Le Bestiaire sentimental Charles Derennes
0%
1926 Prodige du cœur Charles Silvestre
0%
1957 Le Carrefour des solitudes Christian Mégret
0%
2015 La Cache Christophe Boltanski
0%
1967 Élise ou la Vraie Vie Claire Etcherelli
0%
1975 Le Maître d'heure Claude Faraggi
0%
1935 Bénédiction Claude Silve
0%
1907 Princesses de science Colette Yver
0%
2003 Le Complexe de Di Dai Sijie
0%
1928 Georgette Garou Dominique Dunois
0%
1997 Amour noir Dominique Noguez
0%
1952 Le Souffle Dominique Rolin
0%
1920 Le Jardin des dieux Edmond Gojon
0%
1909 Le reste est silence Edmond Jaloux
0%
1908 La Vie secrète Édouard Estaunié
0%
1948 Les Hauteurs de la ville Emmanuel Roblès
0%
2007 Baisers de cinéma Éric Fottorino
0%
1938 Caroline ou le Départ pour les îles Félix de Chazournes
0%
1983 Riche et Légère Florence Delay
0%
1998 Le Dit de Tianyi François Cheng
0%
1958 L'Empire céleste Françoise Mallet-Joris
0%
1970 La Crève François Nourissier
0%
1956 Les Adieux François-Régis Bastide
0%
1978 Un amour de père François Sonkin
0%
1954 La Machine humaine Gabriel Veraldi
0%
1996 Week-end de chasse à la mère Geneviève Brisac
0%
1933 Claude Geneviève Fauconnier
0%
2009 Personne Gwenaëlle Aubry
0%
1918 Le Serviteur Henri Bachelin
0%
1966 Nature morte devant la fenêtre Irène Monesi
0%
1912 Feuilles mortes Jacques Morel
0%
1964 Le Faussaire Jean Blanzat
0%
1923 Les Allongés Jeanne Galzy
0%
1980 Joue-nous « España » Jocelyne François
0%
1925 Jeanne d'Arc Joseph Delteil
0%
2013 La Saison de l'ombre Léonora Miano
0%
1911 Le Roman du malade Louis de Robert
0%
1960 La Porte retombée Louise Bellocq
0%
1936 Sangs Louise Hervieu
0%
1930 Cécile de la Folie Marc Chadourne
0%
1993 L'Œil du silence Marc Lambron
0%
2016 Le Garçon Marcus Malte
0%
1910 Marie-Claire Marguerite Audoux
0%
1949 La Dame de cœur Maria Le Hardouin
0%
1976 Le Trajet Marie-Louise Haumont
0%
1999 Anchise Maryline Desbiolles
0%
1917 L'Odyssée d'un transport torpillé Maurice Larrouy
0%
1973 Juan Maldonne Michel Dard
0%
1946 Le Temps de la longue patience Michel Robida
0%
2006 Lignes de faille Nancy Huston
0%
1994 Port-Soudan Olivier Rolin
0%
2012 Peste et Choléra Patrick Deville
0%
2010 La vie est brève et le désir sans fin Patrick Lapeyre
0%
1991 Déborah et les Anges dissipés Paula Jacques
0%
1939 La Rose de la mer Paul Vialar
0%
2017 La Serpe Philippe Jaenada
0%
1979 Le Guetteur d'ombre Pierre Moinot
0%
1990 Nous sommes éternels Pierrette Fleutiaux
0%
1932 Le Pari Ramon Fernandez
0%
1921 Cantegril Raymond Escholier
0%
1937 Campagne Raymonde Vincent
0%
1977 La neige brûle Régis Debray
0%
2005 Asiles de fous Régis Jauffret
0%
1986 L'Enfer René Belletto
0%
1974 L'Imprécateur René-Victor Pilhes
0%
1934 Le Bateau-refuge Robert Francis
0%
1965 Quelqu'un Robert Pinget
0%
1972 Ciné-roman Roger Grenier
0%
1963 La Nuit de Mougins Roger Vrigny
0%
1950 La Femme sans passé Serge Groussard
0%
2019 Par les routes Sylvain Prudhomme
0%
1989 Jours de colère Sylvie Germain
0%
2014 Bain de lune Yanick Lahens
0%
1962 Le Sud Yves Berger
0%
1953 La Pierre angulaire Zoé Oldenbourg
0%
Aucun quiz correspondant
Distribution des résultats
% des personnes avec chaque résultat
Percentile par nombre de réponses
Votre historique - résultats
Vous n’avez pas pris ce quiz